00385nam a2200145Ia 4500008004100000041000800041082001600049100001500065245004000080250001200120260003900132300000800171365001600179700004400195230718s9999 xx 000 0 und d aeng a543.08bSKO aSkoog D.A. aPrinciples Of Instrumental Analysis a3rd ed. c1984bSaunders College Publication a928 cRs.b690.00 aSkoog D.A., Holler F.J. & Nieman T.A.